Clinical study of the effects of CO2 laser on oral lichen planus /
Saved in:
| 主要作者: | |
|---|---|
| 格式: | Thesis 图书 |
| 语言: | English |
| 出版: |
1999.
|
| 主题: | |
| 标签: |
添加标签
没有标签, 成为第一个标记此记录!
|
| LEADER | 01177cam a2200277 a 4500 | ||
|---|---|---|---|
| 001 | u509455 | ||
| 003 | SIRSI | ||
| 008 | 990204s1999 my t 00 0 eng m | ||
| 035 | |a ACX-3178 | ||
| 040 | |a UMG | ||
| 091 | |a Microfiche 17109 | ||
| 096 | |a WU11.1 |b UM 1999 Kok | ||
| 100 | 1 | 0 | |a Kok, Tuck Choon. |
| 245 | 1 | 0 | |a Clinical study of the effects of CO2 laser on oral lichen planus / |c Kok Tuck Choon. |
| 260 | |c 1999. | ||
| 300 | |a x, 111 leaves : |b ill.(some col.) ; |c 29 cm. | ||
| 500 | |a Also available on microfiche. Kuala Lumpur: University of Malaya Library, 1999. 2 fiches: negative; 11 x 15cm. | ||
| 502 | |a Dissertation (M.Dent. Sc.)-- Jabatan Pembedahan Mulut dan Maxilofasial, Fakulti Pergigian, Universiti Malaya, Kuala Lumpur, 1999. | ||
| 504 | |a Bibliography: leaves 77-103. | ||
| 650 | 2 | |a Surgery, Oral |x methods. | |
| 650 | 2 | |a Laser Surgery |x methods. | |
| 710 | 2 | 0 | |a Universiti Malaya. |b Jabatan Pembedahan Mulut dan Maksilofasial. |
| 948 | |a 10/03/2003 |b 07/10/2004 | ||
| 596 | |a 10 16 | ||
| 999 | |a WU11.1 UM 1999 KOK |w LC |c 1 |i A509836262 |l STACKS |m P16SKTM |r Y |s Y |t TESIS |u 22/4/2003 | ||
| 999 | |a WU11.1 UM 1999 KOK |w LC |c 1 |i A509836397 |l STACKS |m P10PERGIGI |r Y |s Y |t TESIS |u 22/4/2003 | ||
